Statistics for Top 50 Largest Cities That Start With L

Click here to take the quiz!

General Stats

  • This quiz has been taken 294 times
  • The average score is 10 of 50

Answer Stats

Country City % Correct
USALos Angeles
99%
UKLondon
98%
PeruLima
94%
NigeriaLagos
88%
PortugalLisbon
88%
AngolaLuanda
77%
PakistanLahore
76%
UKLiverpool
67%
ZambiaLusaka
60%
USALas Vegas
45%
UkraineLviv
35%
IndiaLucknow
34%
MexicoLeon
21%
ChinaLanzhou
18%
ChinaLuzhou
12%
ChinaLuoyang
10%
ArgentinaLa Plata
8%
ChinaLiuzhou
7%
ChinaLinyi
6%
IndiaLudhiana
6%
ChinaLianyungang
3%
ChinaLinfen
2%
ChinaLiaoyang
1%
ChinaLiyang
1%
ChinaLaizhou
1%
ChinaLonghai
1%
ChinaLongyan
1%
SyriaLattakia
1%
ArgentinaLa Matanza
1%
ChinaLeshan
1%
ChinaLeizhou
1%
ChinaLingbao
0%
ChinaLiuyang
0%
ChinaLanxi
0%
ChinaLeling
0%
ChinaLingyuan
0%
ChinaLinghai
0%
ChinaLaiwu
0%
ChinaLunyi
0%
ChinaLeiyang
0%
ChinaLianjiang
0%
ChinaLaiyang
0%
ChinaLaxi
0%
ChinaLeping
0%
ChinaLufeng
0%
ChinaLeqing
0%
ChinaLichuan
0%
ChinaLangzhong
0%
ChinaLiuan
0%
ChinaLuoding
0%

Score Distribution

Percentile by Number Answered

Percent of People with Each Score

Your Score History

You have not taken this quiz